Precast concrete frame buildings: design guide. (Record no. 97023)

MARC details
000 -LEADER
fixed length control field 00804cam a2200241 4500
008 - FIXED-LENGTH DATA ELEMENTS--GENERAL INFORMATION
fixed length control field 090401t1992 xxu||||| |||| 00| 0 eng d
020 ## - INTERNATIONAL STANDARD BOOK NUMBER
International Standard Book Number 072101416X
035 ## - SYSTEM CONTROL NUMBER
System control number (Sirsi) u85209
041 ## - LANGUAGE CODE
Language code of text/sound track or separate title eng
050 ## - LIBRARY OF CONGRESS CALL NUMBER
Classification number 693.544
100 ## - MAIN ENTRY--PERSONAL NAME
Personal name Elliott, K.S.
245 ## - TITLE STATEMENT
Title Precast concrete frame buildings: design guide.
260 ## - PUBLICATION, DISTRIBUTION, ETC.
Place of publication, distribution, etc. Wexham Springs, Slough
Name of publisher, distributor, etc. British Cement Association
Date of publication, distribution, etc. 1992
300 ## - PHYSICAL DESCRIPTION
Extent 88p. : ill. ; 30cm.
350 ## - PRICE (NR) (BK AM CF MU VM SE) [OBSOLETE]
Price 24
520 ## - SUMMARY, ETC.
Summary, etc. A detailed review of precast concrete building structures and their procurement.Aimed at engineers, architects and others concerned with the procurement of buildings
650 ## - SUBJECT ADDED ENTRY--TOPICAL TERM
Topical term or geographic name entry element STRUCTURAL DESIGN
690 ## - LOCAL SUBJECT ADDED ENTRY--TOPICAL TERM (OCLC, RLIN)
Topical term or geographic name as entry element BUILT ENVIRONMENT
700 ## - ADDED ENTRY--PERSONAL NAME
Personal name Tovey, A.K.
710 ## - ADDED ENTRY--CORPORATE NAME
Corporate name or jurisdiction name as entry element British Cement Association
9 (RLIN) 1602
942 ## - ADDED ENTRY ELEMENTS (KOHA)
Suppress in OPAC 0
948 ## - LOCAL PROCESSING INFORMATION (OCLC); SERIES PART DESIGNATOR (RLIN)
c (OCLC) 04/03/1997
Holdings
Withdrawn status Lost status Source of classification or shelving scheme Damaged status Not for loan Home library Current library Shelving location Date acquired Cost, normal purchase price Total Checkouts Full call number Barcode Date last seen Date last checked out Copy number Cost, replacement price Price effective from Koha item type
    Dewey Decimal Classification     London London Folio 27/08/1992 24.00 9 F693.544 30033915 06/08/2019 25/09/2009 1 24.00 06/08/2019 Book